00569nam a22001697a 4500003000900000008004100009040007100050082001800121100003100139245003900170260005700209300002800266650002400294650002200318650002300340700003600363AR-CdUCM190225b ||||| |||| 00| 0 spa d aMUNICIPALIDAD PROVINCIAL DEL CUSCOcBIBLIOTECA MUNICIPAL DEL CUSCO a869.56 /bM84 aMontoya Terrones, Fabián aEl yacuruna : blibro de lectura / aLa Perla-Callao :bInstituto del Libro y la Lectura, a144 páginas ;c21 cm. aLiteratura infantil aLibros de lectura aLiteratura peruana aLuna, Elvis (portada y dibujos)